| 000 | 01865cam a2200373 a 4500 | ||
|---|---|---|---|
| 001 | 2922 | ||
| 003 | FISKH | ||
| 005 | 20240123153054.0 | ||
| 008 | 100810s2011 nyu 000 1 eng | ||
| 010 | _a 2010032941 | ||
| 020 | _a9781451621747 (trade pbk. : alk. paper) | ||
| 020 | _a9780007421565 | ||
| 020 | _a1451621744 (trade pbk. : alk. paper) | ||
| 020 | _a9781451621754 (ebk.) | ||
| 040 |
_aDLC _cDLC _dDLC _beng |
||
| 041 | 1 |
_aeng _hswe |
|
| 050 | 0 | 0 |
_aPT9877.22.A34 _bI8713 2011 |
| 082 | 0 | 0 |
_a839.73/8 _222 |
| 100 | 1 |
_aLäckberg, Camilla, _d1974- |
|
| 245 | 1 | 4 |
_aThe ice princess / _cCamilla Läckberg ; translated [from the Swedish] by Steven T. Murray. |
| 250 | _aThis paperback edition 2011 | ||
| 260 |
_aLondon : _bHarper Collins, _c2007 |
||
| 300 |
_a393, 10 pages : _c18 cm |
||
| 520 | _aReturning to her hometown after the funeral of her parents, writer Erica Falck finds a community on the brink of tragedy. The death of her childhood friend, Alex, is just the beginning. Her wrists slashed, her body frozen in an ice cold bath, it seems that she has taken her own life. Erica conceives a memoir about the beautiful but remote Alex, one that will answer questions about their lost friendship. While her interest grows to an obsession, local detective Patrik Hedstrom is following his own suspicions about the case. But it is only when they start working together that the truth begins to emerge about the small town with a deeply disturbing past. | ||
| 650 | 0 |
_aPolice _zSweden _vFiction. |
|
| 650 | 0 |
_aCity and town life _zSweden _vFiction. |
|
| 650 | 0 |
_aFishing villages _zSweden _vFiction. |
|
| 650 | 0 |
_aMurder _xInvestigation _vFiction. |
|
| 651 | 0 |
_aSweden _vFiction. |
|
| 655 | 7 |
_aMystery fiction. _2gsafd |
|
| 700 | 1 |
_aMurray, Steven T. _eTranslator |
|
| 906 |
_a7 _bcbc _corignew _d1 _eecip _f20 _gy-gencatlg |
||
| 942 |
_2ddc _cBK _n0 |
||
| 999 |
_c2922 _d2922 |
||